00261nam a2200097Ia 450000100070000000500170000700800410002424500640006526000260012930000080015558890120250717120839.0250717s9999 xx 000 0 und d 0aY-7 BİR DÜNYA GEZGİNİ İBNİ BATTUTAcNAZAN VARLI bERDEM YAYINLARIc2020 b115